000
00216nam a22000857a 4500
008
170118b xxu||||| |||| 00| 0 eng d
100
_9
2463
_a
Sharma.B.S.etal.
245
_a
Mission-NTSE
260
_a
New Delhi
_b
S.Chand
_c
2013
999
_c
5524
_d
5524